000 00458nam a2200193Ia 4500
005 20240823021752.0
008 240823s9999||||xx |||||||||||||| ||und||
020 _a81-7758-578-9
041 _aENGLISH
082 _A620.105 P4
100 _a"Popov,Egor P"
245 0 _aEngineering Mechanics of Solids
250 _a2nd
260 _c2007
_b"PHI,New "
_aNew Delhi
500 _aYES
650 _aSolids
_bMechanical
942 _cBK
999 _c177699
_d177699